000
00226 a2200097 4500
001
45291
100
_a
Conway H.D
245
_a
Aircraft strength of materials
260
_a
London
_b
Chapman hall ltd
_c
090
_c
28472
_d
28472
942
_a
NUST-CAE
_c
M
_c
20527
999
_c
280364
_d
280364